000 00698nam a22002177a 4500
999 _c10435
_d10435
003 AR-CdUCM
008 190401b ||||| |||| 00| 0 spa d
040 _aMUNICIPALIDAD PROVINCIAL DEL CUSCO
_cBIBLIOTECA MUNICIPAL DEL CUSCO
082 _22ed.
_aES / 800 /
_bT68
100 _aTolstoi
_927288
245 _aCuentos y Apologos /
260 _aBuenos Aires ;
_bAtlantida S. A. ;
_c1949.
300 _a106 páginas ;
_bIlustraciones
_c17cm
440 _aBiblioteca Billiken - Colección Roja
_927273
505 _aContenido: Novela
650 _aNovela
_9572
650 _aLiteratura juvenil
_91580
700 _aPlasencia, J. de (adaptación)
_927289
942 _2ddc
_cLIBROS
945 _anom